Statistics for Countries that Visit Italy the Most

Click here to take the quiz!

General Stats

  • This quiz has been taken 79 times
  • The average score is 13 of 15

Answer Stats

# visits Country % Correct
12.2 milGermany
100%
4.7 milFrance
100%
3.8 milUnited Kingdom
100%
2.2 milSpain
100%
5.7 milUnited States
99%
3.2 milChina
93%
2.6 milAustria
93%
1.0 milJapan
91%
2.9 milSwitzerland
89%
2.1 milNetherlands
84%
1.6 milRussia
84%
1.5 milPoland
80%
1.3 milBelgium
78%
1.1 milAustralia
75%
1.0 milBrazil
54%

Score Distribution

Percentile by Number Answered

Percent of People with Each Score

Your Score History

You have not taken this quiz